Score 0/65 Timer 08:00
6 Plays Today
Decade Name % Correct
1960sJennifer
87.7%
1970sJennifer
87.7%
1980sJennifer
87.7%
1990sJennifer
87.7%
2000sJennifer
87.7%
1880sJane
87.6%
1890sJane
87.6%
1910sJane
87.6%
1920sJane
87.6%
1970sJessica
83.7%
1980sJessica
83.7%
1990sJessica
83.7%
2000sJessica
83.7%
1960sJulie
78.6%
1970sJulie
78.6%
1980sJulie
78.6%
1880sJulia
74.9%
1890sJulia
74.9%
1900sJulia
74.9%
1910sJulia
74.9%
1990sJulia
74.9%
2000sJulia
74.9%
1930sJoan
74.3%
1960sJill
69.1%
1970sJill
69.1%
1930sJanet
66.5%
1940sJanet
66.5%
1950sJanet
66.5%
1960sJanet
66.5%
1900sJean
61.8%
1910sJean
61.8%
1920sJean
61.8%
1930sJean
61.8%
Decade Name % Correct
1880sJessie
60.4%
1890sJessie
60.4%
1900sJessie
60.4%
1910sJessie
60.4%
1920sJune
56.9%
1960sJacqueline
55.6%
1980sJacqueline
55.6%
1880sJosephine
54.9%
1890sJosephine
54.9%
1900sJosephine
54.9%
1910sJosephine
54.9%
1920sJosephine
54.9%
1990sJasmine
54.7%
2000sJasmine
54.7%
1970sJamie
53.1%
1980sJamie
53.1%
1940sJanice
52.8%
1950sJanice
52.8%
1940sJudy
50.6%
1950sJudy
50.6%
2000sJenna
48.6%
1990sJordan
48.4%
1930sJudith
44.7%
1950sJudith
44.7%
1940sJudith
44.7%
1880sJennie
42.9%
1890sJennie
42.9%
1900sJennie
42.9%
1930sJoyce
35%
1940sJoyce
35%
1950sJoyce
35%
1920sJuanita
20.5%

You're not logged in!

Compare scores with friends on all Sporcle quizzes.
OR
Log In

Sporcle TV

Today on Sporcle TV


Watch our educational content, quiz creation guides, and fun videos on Sporcle TV.

Show Comments

Extras

Top Quizzes Today


Score Distribution

Your Account Isn't Verified!

In order to create a playlist on Sporcle, you need to verify the email address you used during registration. Go to your Sporcle Settings to finish the process.

Report this User

Report this user for behavior that violates our Community Guidelines.

Details: